[Event "MK Cafe Cup-A"]
[Site "Koszalin"]
[Date "1999.08.11"]
[Round "8"]
[White "Magomedov, Magaram"]
[Black "Nikolaidis, Ioannis"]
[Result "0-1"]
[WhiteElo "2604"]
[BlackElo "2505"]
[Annotator "Oratovsky,M"]
[PlyCount "112"]
[EventDate "1999.08.03"]
[EventType "swiss"]
[EventRounds "9"]
[EventCountry "POL"]
[SourceTitle "CBM 073"]
[Source "ChessBase"]
[SourceDate "1999.12.01"]
[SourceVersion "1"]
[SourceVersionDate "1999.12.01"]
[SourceQuality "1"]

1. e4 d6 2. d4 Nf6 3. Nc3 c6 4. f4 Qa5 5. Bd3 e5 6. Nf3 Bg4 7. dxe5 {The text
move promises to white nothing special.The main line is} (7. Be3 Nbd7 (7...
exd4 8. Bxd4 Qb4 9. Be2 Nxe4 10. O-O d5 11. Nxe4 dxe4 12. c3 Qxb2 13. Re1 $1
$40 {[%csl Re8][%cal Gf3e5,Gf3g5,Ga1b1,Re1e8]}) 8. O-O Be7 9. h3 Bxf3 10. Qxf3
O-O 11. a3 $14 {the pair of bishops and very comfortable setup makes whites
position better.}) 7... dxe5 8. h3 $6 {unaccurasy,giving to black slightly
better chanses.But also after} (8. fxe5 Nfd7 9. Bf4 (9. e6 fxe6 10. h3 Qh5 (
10... Bxf3 11. gxf3 e5 $13) 11. Rf1 Bxf3 12. Qxf3 Qxf3 13. gxf3 Nc5 14. Be2 e5
15. f4 Nbd7 16. Be3 exf4 17. Bxf4 Ne6 $11 {Djurhuus,R-Jansa,V/Oslo 1988/1-0 
(44)}) 9... Bb4 10. O-O Bxc3 (10... O-O 11. Nd5 $5 Bc5+ (11... cxd5 12. exd5
$44 {[%cal Gd3h7]}) 12. Kh1 Bd4 13. e6 fxe6 14. Bc7 $16 {[%cal Gd5e7] De
Firmian,N-Miles,A/USA-ch 1988 1-0 (19)}) 11. bxc3 O-O 12. h3 Bxf3 13. Qxf3 Nxe5
14. Qg3 Nbd7 $15 {Dizdarevic,M-Weil,V/Wiesbaden op 1993 (34)}) ({or} 8. O-O
Nbd7 9. Qe1 Bxf3 10. Rxf3 O-O-O (10... exf4 $6 11. Bxf4 Ne5 12. Bxe5 Qxe5 13.
Rf5 Qd4+ 14. Kh1 Bb4 15. Rd1 $14 {[%cal Ge4e5] Bathie,N-Oratovsky,M/EU-chJM
U20 1992 (41)}) 11. f5 Nc5 $132 {black has sufficient counterplay.}) 8... Bxf3
9. Qxf3 exf4 10. O-O Nbd7 $15 {[%csl Rc3,Rd3,Ge5][%cal Gd7e5] Weakness of the
darksquares in white position and bad placement of the Nc3 and Bd3 makes
blacks position better.} 11. Qxf4 Qe5 $5 12. Ne2 Bd6 13. Qf3 Qh2+ 14. Kf2 Bc5+
(14... Ne5 15. Qf5 Bc5+ 16. Ke1 $132 {[%csl Rh2][%cal Gc1f4,Gf5c5]}) 15. Be3
Bxe3+ 16. Qxe3 Qe5 17. Kg1 Qc5 18. Nd4 $6 ({After correct} 18. Qxc5 Nxc5 19. e5
Nd5 20. Bc4 Rd8 21. Ng3 $11 {[%cal Ga1e1] white is O.K}) 18... Ne5 19. b4 $6
Qb6 20. Rf5 $2 {Losing by forse} {[%tqu "En","","","","e5g4","",10]} Neg4 $1
$19 21. hxg4 Nxg4 22. Qe1 Qxd4+ 23. Kh1 g6 24. Rf4 Ne5 {Rest of the game is
matter of technique.} 25. Rd1 O-O-O 26. b5 cxb5 27. Qa5 a6 28. a4 Qxa4 (28...
b4 $5 $19) 29. Qc3+ Nc6 30. Rf6 Kb8 31. Rxc6 {White tries to find some
practical chanses.} bxc6 32. Qxc6 {[%cal Gc6b6]} Qa5 $8 33. Rb1 Ka7 34. Qc5+
Qb6 35. Qe7+ Kb8 36. Qa3 {[%cal Gc2c4]} Rd7 37. c4 Rhd8 38. Be2 Rd2 39. Bf3 g5
{[%csl Rh1][%cal Gd8d6,Gd6h6]} 40. cxb5 R8d6 41. Bg4 Qf2 42. bxa6+ Ka7 43. Bh3
(43. Qh3 Rh6 $19) 43... Rd1+ 44. Rxd1 Rxd1+ 45. Kh2 Qf4+ 46. g3 Qf2+ 47. Bg2
Rd2 {black king easily escapes from the checks.} 48. Qe7+ Kxa6 49. Qa3+ Kb5 50.
Qb3+ Kc6 51. Qc4+ Kd6 52. Qb4+ Ke6 53. Qc4+ Kf6 54. Qc3+ Kg6 55. Qc6+ Kg7 56.
e5 h5 {[%csl Re5][%cal Rf2g2,Gg7g6,Gg6f5]} 0-1

[Event "Presov"]
[Site "Presov"]
[Date "1999.08.18"]
[Round "5"]
[White "Berezjuk, Sergej"]
[Black "Stohl, Igor"]
[Result "0-1"]
[WhiteElo "2354"]
[BlackElo "2600"]
[Annotator "Oratovsky,M"]
[PlyCount "80"]
[EventDate "1999.08.14"]
[EventType "tourn"]
[EventRounds "9"]
[EventCountry "SVK"]
[EventCategory "10"]
[SourceTitle "CBM 073"]
[Source "ChessBase"]
[SourceDate "1999.12.01"]
[SourceVersion "1"]
[SourceVersionDate "1999.12.01"]
[SourceQuality "1"]

1. e4 d6 2. d4 Nf6 3. Nc3 g6 4. Be3 c6 5. h3 Nbd7 6. f4 b5 {[%csl Re4][%cal
Gb5b4]} 7. Qf3 $6 ({Better was} 7. Bd3 e5 (7... b4 8. Nce2 d5 9. e5 Ne4 10. Nf3
f5 $5 11. a3 bxa3 12. Rxa3 e6 13. Ra2 Be7 14. O-O O-O 15. Qa1 Qc7 16. Rc1 Nb6
17. b3 Bd7 18. c4 $14 {Hausner,I-Pribyl,J/CZE Tschechien-ch 1993/1/2-1/2 (71)})
(7... Nb6 8. Nf3 Bg7 9. O-O O-O 10. Qe1 Nc4 11. Bxc4 bxc4 12. Rd1 d5 13. e5 Ne4
14. Nxe4 dxe4 15. Nd2 Qd5 16. Nb1 f5 17. Nc3 Qf7 18. d5 $14 {[%csl Ge5,Rg7]
Maiwald,J-Lorscheid,G/FSGM June 1999 (31)}) 8. Qf3 (8. Nf3 $5 b4 9. Ne2 d5 10.
Nxe5 Nxe5 11. fxe5 Nxe4 12. O-O $14 {with development advantage}) 8... Bb7 9.
dxe5 $6 {usually this pawn exchange in the centre is good for black.} dxe5 10.
f5 a6 11. a4 Bb4 12. Bd2 Nc5 $132 {Nedev,T-Bogdanovski,V/FRM-ch 1993 (34)}) (7.
e5 $6 b4 8. exf6 bxc3 9. bxc3 Nxf6 $15) 7... b4 8. Nb1 (8. Nd1 $5 {[%cal Gd1f2]
}) 8... Bb7 9. Nd2 Qc7 10. Bd3 Bg7 11. Ne2 c5 $132 {[%cal Gc5d4,Gb7f3,Gd7c5]
black can be satisficed with the opening results:all their pieces are placed
very comfortable and ready for the attack against white pawn centre} 12. c3 (
12. O-O cxd4 13. Nxd4 O-O $15 {[%cal Gd7c5]}) 12... bxc3 13. bxc3 O-O 14. O-O
e6 15. g4 Nb6 16. Rac1 Nfd7 {[%cal Gf7f5]} 17. Qf2 (17. f5 $5 Rae8 (17... exf5
18. gxf5 d5 19. Qg3 Qxg3+ 20. Nxg3 dxe4 21. Bxe4 Bxe4 22. Ndxe4 {[%cal Gf5f6]}
cxd4 23. Bxd4 Bxd4+ 24. cxd4 Rac8 $11) 18. Qg3 (18. Ng3 $6 exf5 19. gxf5 d5 20.
e5 Nxe5 21. dxe5 d4 {with decisive advantage}) 18... exf5 19. gxf5 c4 20. Bc2
Nf6 $13 {[%csl Re4]}) 17... Rae8 18. Ng3 f5 $1 $15 {[%csl Gd5,Re4][%cal Ge4d5]}
19. gxf5 exf5 20. exf5 (20. e5 dxe5 21. dxe5 Nxe5 $1 22. fxe5 f4 23. Bxf4 g5 (
23... Bxe5 24. Ne2 $13) 24. Nf5 gxf4 $17 {[%csl Rg1][%cal Gg7e5]}) 20... Nd5
$17 {[%csl Re3]} 21. Bc4 (21. Rfe1 Nxe3 22. Rxe3 Rxe3 23. Qxe3 cxd4 24. Qe6+
Kh8 $17 {[%cal Gd7c5,Gd4c3]}) 21... N7b6 22. dxc5 $2 {Losing by forse,but also
after} (22. Rfe1 Nxc4 23. Nxc4 Ba6 24. Nd2 Nxe3 25. Rxe3 cxd4 {with winning
position}) 22... Nxc4 23. Nxc4 Ba6 $19 24. cxd6 Qxc4 25. Bxa7 Nxc3 26. Kh2 (26.
fxg6 hxg6 27. d7 Rd8 $19) 26... Qd5 27. Rfe1 Rxe1 28. Rxe1 Nb5 {In this
position white has only one hope-timetrouble of his opponent.} 29. Bc5 Bd4 30.
Bxd4 Nxd4 {The rest of the game is matter of technique.} 31. Ne4 Nxf5 32. Qd2
Qxd2+ 33. Nxd2 Nxd6 34. Re6 Rd8 35. Nb3 Bc4 36. Re5 Nf5 (36... Ra8 $19 {
[%csl Ra2]}) 37. Rc5 Bxb3 38. axb3 Rd2+ 39. Kg1 Rd3 40. b4 Rxh3 0-1

[Event "Chigorin Memorial 07th"]
[Site "St Petersburg"]
[Date "1999.11.09"]
[Round "8"]
[White "Kovalevskaya, Ekaterina"]
[Black "Burmakin, Vladimir"]
[Result "1-0"]
[WhiteElo "2497"]
[BlackElo "2579"]
[Annotator "Oratovsky,M"]
[PlyCount "107"]
[EventDate "1999.11.02"]
[EventType "swiss"]
[EventRounds "9"]
[EventCountry "RUS"]
[SourceTitle "CBM 074"]
[Source "ChessBase"]
[SourceDate "2000.02.01"]
[SourceVersion "1"]
[SourceVersionDate "2000.02.01"]
[SourceQuality "1"]

1. e4 d6 2. d4 Nf6 3. Nc3 c6 4. Be2 $6 {too passive.The most dangerouse for
black continuation in this position is} (4. f4) 4... Qc7 ({Black gets a
comfortable position also after} 4... Qa5 $1 {[%csl Re4]} 5. Qd3 $6 Na6 6. Nf3
$2 Nb4 7. Qd2 {[%tqu "En","","","","f6e4","",10]} Nxe4 $1 8. Nxe4 Nxc2+ 9. Kd1
Qxd2+ 10. Bxd2 Nxa1 11. Kc1 Be6 $17 {Sutter,O-Gallagher,J/Ambasador op 1997
0-1 (18)}) (4... e5 $5 {with the safe endgame for black after} 5. dxe5 dxe5 6.
Qxd8+ Kxd8 7. Nf3 Bd6 $11 {[%cal Gd8e7]}) 5. Nf3 (5. a4 e5 6. h3 Nbd7 7. Nf3 b6
8. O-O Bb7 9. Re1 Be7 10. Bf1 a6 11. b3 O-O 12. Ba3 Rfe8 13. dxe5 Nxe5 $6 (
13... dxe5 $11) 14. Nd4 $14 {Junge,R-Blatny,P/BL2-N 1994 (31)}) 5... e5 6. h3 (
6. d5 Be7 7. O-O O-O 8. Bg5 Nbd7 9. Re1 Qb6 10. h3 h6 11. Be3 Qd8 12. Bf1 cxd5
13. Nxd5 Nxd5 14. Qxd5 Nb6 (14... Nf6 15. Qd3 Be6 16. c4 $13) 15. Qd2 Be6 16.
b3 $14 {[%csl Rb6,Rd5] Tindall,B-Francsics,E/Budapest FS11 IM-A 1997/1/2-1/2 
(45)}) 6... Nbd7 7. O-O Be7 {The difference between this position and position,
arising from the Philidor defense is passive placement of the bishop e2-it
place is on diagonal a2-g8.} 8. a4 {preventing blacks counterplay on queenside
after b5,Bb7,a5 etc.} Nf8 9. Be3 Ng6 10. Qd2 O-O {giving to white possibility
to take space advantage on the queenside.More logical was} (10... a5 $142 $13)
11. a5 Rd8 12. d5 Bd7 13. Bc4 $14 {[%cal Ga5a6]} Nh5 $6 ({better was} 13... c5
14. a6 b6 15. Qe2 $14 {[%cal Gc4b5,Yf3d2,Yd2c4]}) 14. a6 {[%csl Ra7,Rb7,Rc6]
breaking blacks pawn structure on queenside} c5 15. axb7 Qxb7 16. Ra3 $16 Rdb8
17. Rfa1 Nhf4 ({doesn't work} 17... Qxb2 $2 18. Bb3 {[%csl Rb2][%cal Rc3d1]}
Rxb3 19. cxb3 $18) 18. b3 Bd8 {[%cal Ga7a5]} 19. Ra6 Bc7 20. Bf1 {[%csl Ra7,
Rf4][%cal Gg1h2,Gg2g3,Ga1a2,Yf3d2,Yd2c4,Gd2c1,Gc1a1]} Rf8 21. Kh2 Qb8 ({
too optimistic is} 21... f5 $6 22. g3 fxe4 23. Ng5 Nh5 24. Ncxe4 $18 {[%csl
Rd6]}) 22. g3 Nh5 23. Qd1 Nf6 24. Nd2 Ne8 25. Qc1 $6 {too slow.Why not} (25.
Nc4 f5 26. exf5 Bxf5 27. Bd3 $16 {[%csl Ge4]}) 25... Bc8 26. R6a2 a5 27. Nb5
Bd8 28. Na3 {[%csl Ra5][%cal Ga3c4]} f5 29. exf5 Ne7 (29... Bxf5 30. Nac4 Nf6
31. Bg2 $16) 30. Bg5 Bxf5 31. Bg2 Bg6 32. Qe1 (32. Bxe7 Bxe7 33. Kg1 (33. Qe1
Nf6 34. Nac4 Bd8 {[%csl Rc2]} 35. Nf1 $14 {[%cal Gf1e3]}) 33... Nf6 34. Nac4
Bf7 35. Ne3 $14 {[%csl Ra5][%cal Gd2c4]}) 32... Nf6 33. Bxf6 Rxf6 34. Nac4 {
[%cal Gd2e4]} Rf8 35. Ne4 Nf5 (35... Ra6 36. Ng5 $18) 36. Nxa5 Bxa5 37. Rxa5
Rxa5 38. Rxa5 Nd4 $132 {[%cal Gd4f3,Gd4c2]} 39. Ra6 $2 (39. Ra2 $14 {keeping a
pawn up and better position}) 39... Nxc2 40. Qd2 Bxe4 41. Bxe4 Nd4 $15 {
[%csl Rb3,Rf3]} 42. Kg2 Nxb3 43. Qg5 Rf6 44. Qh5 g6 45. Qg5 Kg7 46. h4 Qb7 47.
Ra2 c4 (47... Qe7 $5 {preventing h5}) 48. h5 Nc5 $2 (48... Nd4 49. h6+ Kf7 50.
Qc1 $1 Qc7 51. Ra8 $16 {[%cal Ga8h8] with very dangerouse attack}) {[%tqu "En",
"","","","e4g6","",10]} 49. Bxg6 $1 $18 hxg6 50. h6+ Kf7 51. h7 Ne4 (51...
Qxd5+ 52. Kh2 Ne4 53. Ra7+ Ke6 54. Qg4+ Rf5 55. Qxg6+ Rf6 56. Qg4+ Rf5 57. Qg8+
Kf6 58. h8=B#) 52. Qh6 Qxd5 ({Doesn't help} 52... Nxf2 53. Ra7 $1 Qxa7 54. h8=Q
{[%cal Rh6g7]} Ke7 55. Q6g7+ Rf7 56. Qhf8+ Kd7 57. Qgxf7#) 53. Qf8+ $1 {
The only but enough} Ke6 (53... Kxf8 54. h8=Q+ Ke7 55. Ra7+ Ke6 56. Qc8#) 54.
Qc8+ 1-0

[Event "EU-chT (Men) 12th"]
[Site "Batumi"]
[Date "1999.11.30"]
[Round "2.2"]
[White "Macieja, Bartlomiej"]
[Black "Minasian, Artashes"]
[Result "1-0"]
[WhiteElo "2542"]
[BlackElo "2600"]
[Annotator "Oratovsky,M"]
[PlyCount "101"]
[EventDate "1999.11.06"]
[EventType "team-swiss"]
[EventRounds "9"]
[EventCountry "GEO"]
[SourceTitle "CBM 074"]
[Source "ChessBase"]
[SourceDate "2000.02.01"]
[SourceVersion "1"]
[SourceVersionDate "2000.02.01"]
[SourceQuality "1"]
[WhiteTeam "Poland"]
[BlackTeam "Armenia"]
[WhiteTeamCountry "POL"]
[BlackTeamCountry "ARM"]

{[%mdl 48]} 1. e4 {Konikowski} g6 2. d4 d6 3. Nf3 Bg7 4. Bc4 c6 5. O-O ({
Other possibility is} 5. Bb3 {preventing d5} Nf6 6. Qe2 e5 $132) 5... d5 (5...
Nf6 6. e5 (6. Re1 O-O (6... Nxe4 $5 7. Bxf7+ Kxf7 8. Rxe4 h6 9. Nc3 Nd7 $132)
7. c3 Bg4 8. h3 Bxf3 9. Qxf3 e5 10. dxe5 dxe5 11. Bg5 $14 {1/2-1/2 Ramirez,
C-Moreira,J/Roque Saenz Pena 1997/EXT 98 (34) ^^}) 6... dxe5 7. dxe5 Nd5 8. Nc3
Be6 9. Ne4 Nd7 10. Neg5 Nxe5 11. Nxe5 Bxe5 12. Nxe6 fxe6 13. Qe2 Qd6 $13 {
[%cal Ge8c8] Donev,I-Nikolov,T/Ruse 1984/EXT 98 (38)}) (5... Nd7 $2 {Konikowski
} 6. Ng5 Nh6 7. Bxf7+ $1 Nxf7 8. Ne6 Qb6 9. Nxg7+ Kf8 10. Ne6+ Ke8 11. Nc3 $18
{Pedzich,D-Rechi,J/Arnhem 1989/}) 6. Bb3 ({Less dangerouse for black is} 6.
exd5 cxd5 7. Bd3 (7. Bb3 Nf6 8. Re1 (8. h3 {Konikowski} Nc6 9. c3 O-O 10. Bf4
a6 11. Re1 Re8 12. Nbd2 Bf5 13. Ne5 Rc8 14. g4 Be6 15. Nd3 b6 16. Bh2 Na5 17.
Ba4 b5 18. Bb3 Nc4 19. Nc5 $14 {Isepy,J-Petro,J/Miskolc 1998/}) 8... Bg4 9.
Nbd2 Nc6 10. h3 Bxf3 11. Nxf3 O-O 12. c3 e6 13. Bf4 Rc8 14. Ne5 Nxe5 15. Bxe5
Ne4 $11 {[%cal Ge4d6] 1/2-1/2 Robatsch,K-Bronstein,D/Beverwijk 1963/MCL (41)})
(7. Bb5+ Bd7 8. Bxd7+ Nxd7 9. Bf4 (9. Re1 $5) 9... Qb6 10. Nc3 Ngf6 11. Re1 e6
12. Qd2 O-O 13. Rab1 Rfc8 14. Bh6 Bxh6 15. Qxh6 Qb4 16. Qf4 Rc4 17. Red1 Rac8
18. h3 a6 19. g3 b5 $132 {Papula,N-Kiik,K/Helsinki 1997/}) 7... Bg4 8. c3 Nc6
9. Nbd2 Nf6 10. h3 Bxf3 11. Nxf3 O-O 12. Re1 e6 13. Bg5 $14 {^^ white stands
slightly better,but black also has comfortable position without weaknesses.
Yandemirov,V-Osipov,V/Tomsk 1998/CBM 67 noVC (46)} (13. Bg5 Qe7 14. Qd2 a6 15.
Bf4 Qd8 16. Bg5 Qc7 17. Bh6 $14 {Yandemirov,V-Osipov,V/Tomsk 1998/})) (6. Bd3 {
Konikowski} dxe4 7. Bxe4 Nf6 8. Bd3 Bg4 9. Nbd2 O-O 10. h3 Bxf3 11. Nxf3 Nbd7
12. Be3 Nd5 13. Bd2 Qc7 14. Qc1 Rfe8 15. Bc4 b5 16. Bb3 Qb6 17. c3 e6 18. Re1
Qb7 19. Bh6 a5 20. Bxd5 cxd5 21. Qf4 b4 22. Ng5 Nf8 23. Bxg7 Kxg7 24. h4 f6 25.
Nf3 Rec8 $132 {Oparaugo,T-Mowsziszian,K/Nuernberg 1995/}) 6... Bg4 (6... dxe4
7. Ng5 (7. Ne5 e6 8. Nc3 $14) 7... Nh6 8. Nxe4 O-O (8... Nf5 9. c3 O-O 10. Bf4
Na6 11. Nbd2 Nc7 12. Nf3 Be6 13. Be5 Bxe5 14. Nxe5 $14 {Jensen,A-Rasmussen,H/
Lyngby 1974/EXT 98 1-0 (33)}) 9. c3 $14 {[%csl Rh6] Garcia,G-Chernin,A/Saint
John 1988/CBM 06 1-0 (84)}) (6... Nh6 {Konikowski} 7. Nc3 O-O 8. exd5 Bg4 9. h3
Bxf3 10. Qxf3 Nf5 11. Ne2 Nxd4 12. Nxd4 Bxd4 13. c3 Bg7 14. Bg5 Qd6 15. Rfe1
Bf6 16. Bf4 Qc5 17. Rad1 cxd5 18. Rxd5 Qc6 19. Bh6 Re8 20. Rxe7 $1 Na6 (20...
Bxe7 21. Qxf7+ $1 Kxf7 22. Rf5#) 21. Rxf7 Re1+ 22. Kh2 Kxf7 23. Rd6+ {1-0
Skalli,K-Warkentin,J/Cappelle 1995/}) 7. h3 Bxf3 8. Qxf3 e6 (8... Bxd4 $2 {
Konikowski} 9. Rd1 Qb6 10. exd5 $16) 9. c3 ({nothing special promises to white
} 9. Re1 dxe4 10. Rxe4 Nf6 (10... Bxd4 $6 11. Bxe6 fxe6 12. Rxe6+ Ne7 13. Bg5
Bc5 14. Qc3 $16) 11. Bg5 h6 12. Bxf6 Qxf6 13. Rf4 Qe7 14. Nd2 O-O 15. Re1 Nd7
$13 {Garcia,G-Minasian,A/Candas 1992/TD 0-1 (69)}) 9... Nf6 10. Nd2 (10. e5
Nfd7 11. Qg3 c5 12. Be3 Nc6 $132 {[%cal Gd8b6]}) 10... O-O 11. Re1 Nbd7 $6 {
now black has a dilemma: or to play like in the game 11...Nbd7 and after 12.e5
to be with the bad placed knight on e8,or to get sligtly worser, but without
weaknesses and very easy for defense position after} (11... dxe4 $142 12. Nxe4
Nxe4 13. Rxe4 Nd7 14. Bf4 $14 {^^}) 12. e5 Ne8 13. Qd1 {[%cal Gf2f4]} f6 14. f4
fxe5 15. fxe5 $14 {[%csl Ge5,Re8][%cal Gb3c2,Gd2f3,Yh3h4,Yh4h5]} Bh6 $5 {
[%cal Ge8g7] with exchange of the light pieces (that usually good for
defensive side) black gets more space for the maneuveres '?' Konikowski.} (
15... c5 16. Nf3 $16) (15... Qh4 $142 {Konikowski}) 16. Nf3 Bxc1 17. Qxc1 Ng7
18. Qe3 Nh5 (18... Qe7 19. Rf1 (19. g4 $5 {[%csl Rg7][%cal Gg4f5,Gg4h5]} Qf7
20. Rf1 Qf4) 19... Nf5 20. Qf2 {[%cal Gg2g4]} Rf7 21. g4 Ng7 22. Qe3 Raf8 23.
Kg2 {[%cal Ge3h6]} Rf4 24. Kg3 $16 {[%cal Ge3f4,Gf1f2,Ga1f1]}) 19. Kh2 Qe7 20.
g4 Nf4 21. h4 $16 {[%csl Rf4][%cal Gh2g3,Ge1f1,Gf1f2,Ya1e1] now black has some
problems with the only active placed piece - Nf4} Rf7 22. Kg3 h6 23. Rf1 Raf8
24. Rf2 Nb6 (24... c5 {Konikowski} 25. Raf1 $14) 25. Raf1 a5 26. a4 Qd8 (26...
g5 $2 27. hxg5 hxg5 28. Nxg5 Qxg5 29. Rxf4 $18) 27. Nd2 g5 28. Nf3 Rh7 29. Rh1
Rff7 30. Bc2 (30. Rfh2 $5 {Konikowski}) 30... Nc4 31. Qc1 {'!' Konikowski.} (
31. Bxh7+ Rxh7 32. Qc1 Nd3 {'+/-' Konikowski.} 33. Qc2 Nxf2 34. Kxf2 $16 {
[%cal Gb2b3]}) 31... Rhg7 32. hxg5 hxg5 ({Doesn't help} 32... h5 33. Rh4 (33.
gxh5 $2 Rxg5+ $19) 33... hxg4 34. Rxg4 $18) 33. Rfh2 Rf8 34. b3 Nb6 35. Rh8+
Kf7 36. Nxg5+ ({Also winning} 36. Rxf8+ Kxf8 (36... Qxf8 {Konikowski} 37. Nxg5+
Ke8 38. Qxf4 $18) 37. Rh8+ Rg8 38. Qh1 Qe7 39. Qh6+ Qg7 40. Qxg7+ Kxg7 41. Rh7+
(41. Rxg8+ Kxg8 42. Nxg5 Ne2+ 43. Kf3 Nxc3 44. Nxe6 $18) 41... Kf8 42. Rxb7 $18
) 36... Qxg5 (36... Rxg5 {Konikowski} 37. Qxf4+ $18) 37. Rxf8+ Kxf8 38. Qxf4+
Qxf4+ 39. Kxf4 $18 {the winning plan is simple:when all black pieces are
concentrated against passed "g" pawn - to open files on the queenside after b4,
following by entering whites rook.Rest of the game is matter of technique.} Nd7
40. g5 Rf7+ 41. Kg3 Kg8 42. g6 Re7 43. Kf4 Nf8 44. Kg5 Kg7 45. b4 axb4 46. cxb4
Rc7 47. a5 Re7 48. Rh3 Rd7 49. Rf3 Rc7 50. Rf6 Re7 51. Bd1 $22 {[%cal Gd1g4]} (
51. Bd1 {Konikowski} Kg8 52. Bg4 Kg7 53. Rxf8 Kxf8 54. Kf6 Rg7 55. Bxe6 $18)
1-0

[Event "World Cup"]
[Site "Khanty-Mansiysk"]
[Date "2009.11.24"]
[Round "2.1"]
[White "Li, Chao B"]
[Black "Pelletier, Yannick"]
[Result "0-1"]
[WhiteElo "2590"]
[BlackElo "2589"]
[Annotator "Pelletier,Y"]
[PlyCount "80"]
[EventDate "2009.11.21"]
[EventType "k.o."]
[EventRounds "7"]
[EventCountry "RUS"]
[SourceTitle "CBM 134"]
[Source "ChessBase"]
[SourceDate "2010.01.18"]
[SourceVersion "1"]
[SourceVersionDate "2010.01.18"]
[SourceQuality "1"]

1. e4 d6 2. d4 Nf6 3. Nc3 e5 4. Nge2 Be7 5. g3 Nbd7 6. Bg2 c6 7. a4 b6 8. O-O
a6 9. h3 h5 {Diesen Aufbau habe ich bereits mal gespielt, ich halte ihn aber
für riskant.} 10. Bg5 Bb7 11. Qd2 $146 O-O 12. f4 Re8 ({Nach} 12... b5 13. Nd1
Re8 14. Nf2 {hat Weiß die günstige Überführung seines Nc3 nach f2 geschafft.})
13. Bf3 ({Jetzt ist} 13. Nd1 $6 {weniger gut wegen} exd4 14. Nxd4 c5 15. Nf5
Bxe4) 13... b5 14. Rae1 ({Die Auflösung am Damenflügel spielt nur Schwarz in
die Hände:} 14. axb5 axb5 15. Rxa8 Bxa8 16. b4 exd4 {[%cal Gc6c5,Ga8e4]}) 14...
Qb6 15. Kh2 ({Während der Partie hielt ich} 15. Nd1 {für die kritische
Fortsetzung. Darauf wollte ich mit} exd4 16. Nxd4 Ne5 {reagieren. Die Stellung
ist kompliziert, z.B.} 17. a5 Qa7 (17... Nxf3+ 18. Rxf3 Qc7 $13) 18. Bg2 Nc4
19. Qf2 d5 $5 20. e5 Bc5 21. c3 Ne4 22. Bxe4 dxe4 23. Rxe4 Bc8 $44) 15... Bf8
16. b4 (16. dxe5 dxe5 17. Bxh5 {war mir völlig unklar, aber der Computer sieht
Schwarz nach} Rad8 $1 18. Bf3 b4 {in Vorteil.}) 16... Qc7 17. g4 $6 ({Dieser
"6-Bauernangriff" ist verfehlt, weil Schwarz am Damenflügel durchbrechen kann.
Besser war} 17. axb5 axb5 18. Qd3 $13) 17... hxg4 18. hxg4 a5 $1 {Somit erhöht
Schwarz seinen Druck auf e4.} 19. Bxf6 Nxf6 20. g5 Nh7 21. bxa5 b4 22. Nd1 Rxa5
23. Rg1 ({Wahrscheinlich hätte Weiß mit} 23. g6 {bessere praktische Chancen
gehabt, da der schwarze König weniger gut geschützt worden wäre.}) 23... g6 $5
{[%csl Rg5] Nun ist der Bauer g5 eigentlich verurteilt.} 24. Rg3 exf4 25. Qxf4
Qd8 26. Reg1 Be7 27. d5 cxd5 ({Der beste aber gekünstelte Weg zum Vorteil war
laut Computer} 27... Kg7 $1 28. Nd4 Rh8 29. Ne3 Bc8) 28. exd5 Bxd5 29. Nd4 Bxf3
$2 (29... Qa8 {oder}) (29... Qc7 {hätten klaren Vorteil versprochen.}) 30. Nxf3
$2 ({Erlitt mein Gegner den selben Blackout wie ich? Auf jeden Fall entging
mir nach} 30. Rxf3 Rf8 {die Gabel auf c6 völlig! Zwar steht Schwarz nach} 31.
Nc6 Bxg5 32. Qxb4 Qa8 33. Qxa5 Qxc6 {immer noch gut, aber von klarem Vorteil
wäre ja kaum mehr die Rede.}) 30... Rf5 31. Qd2 d5 32. Ne3 $6 Bxg5 33. Nxg5
Rxg5 {Mit 2 Mehrbauern und einem gegnerischen nackten König steht Schwarz nun
klar auf Gewinn.} 34. Ng4 Rh5+ 35. Kg2 Nf6 36. Nh6+ Kg7 37. Rh1 Ree5 38. Rxh5
Nxh5 39. Ng4 Re4 (39... Re2+ 40. Qxe2 Nf4+ {war etwas einfacher.}) 40. Qh6+ Kg8
0-1